000 00464nam a2200181Ia 4500
001 19668
005 20260306172710.0
008 260306t2003||||xx |||||||||||||| ||spa||
041 _aESP
082 _a341
_bA87
100 _aAtienza, Manuel
_eAUT
245 0 _aTras la justicia:
_buna introducción al derecho y al razomiento jurídico
260 _c2003
300 _a272 páginas :
_c21 cm.
650 _aGEN
654 _aCDE
942 _cLIB
_dJUS
_fJUS
_2ddc
_n
999 _c19668
_d19668